|
|
|
|
| LEADER |
00000nam0a2200000 4500 |
| 001 |
133484 |
| 005 |
20231101220430.0 |
| 035 |
|
|
|a (RuTPU)RU\TPU\book\144673
|
| 090 |
|
|
|a 133484
|
| 100 |
|
|
|a 20080318d1984 m y0rusy50 ca
|
| 101 |
1 |
|
|a rus
|c ukr
|
| 102 |
|
|
|a RU
|
| 105 |
|
|
|a y z 000ay
|
| 200 |
1 |
|
|a Древляне
|e роман, повести
|e пер. с укр.
|f В. С. Близнец
|g пер. В. Белова ; авт. послесл. Е. Гуцало
|
| 210 |
|
|
|a Москва
|c Советский писатель
|d 1984
|
| 215 |
|
|
|a 512 с.
|
| 606 |
1 |
|
|a Украинская литература
|2 stltpush
|3 (RuTPU)RU\TPU\subj\62974
|9 80028
|
| 610 |
1 |
|
|a художественная литература
|
| 610 |
1 |
|
|a романы
|
| 610 |
1 |
|
|a повести
|
| 675 |
|
|
|a 883
|v 3
|
| 700 |
|
1 |
|a Близнец
|b В. С.
|g Виктор Семенович
|
| 702 |
|
1 |
|a Белова
|b В.
|g Вера
|4 730
|
| 702 |
|
1 |
|a Гуцало
|b Е.
|g Евген
|4 075
|
| 801 |
|
1 |
|a RU
|b 63413507
|c 20080318
|g PSBO
|
| 801 |
|
2 |
|a RU
|b 63413507
|c 20200608
|g RCR
|
| 942 |
|
|
|c BK
|